• 首页
  • 本馆介绍
  • 公告通知
  • 最新文献
  • 馆藏检索
  • 电子资源
  • 读者导购
  • 参考咨询
  • 我的图书馆
  • 登录
  • 详细信息显示
  • 放入我的书架
  • 预约/预借图书
  • 作者相关作品
  • 分类相关作品
  • 丛书相关作品
  • 出版社相关作品

书目信息

  • 表格格式
  • 工作单格式
  • 卡片格式
题名:
激光光谱分析法
    
 
作者: 朱贵云 编著
分册:  
出版信息: 北京   科学出版社  1982.8
页数: 212页
开本: 20cm
丛书名:
单 册:
中图分类: O433.5
科图分类:
主题词: 光学
电子资源:
ISBN:
000 00524nam0 2200193 45
001 0312221749
005 20040630144802.7
010    @dCNY1.10
100    @a20031222d1982 km y0chiy0120 ea
101    @achi
105    @a z 000yy
200 1  @a激光光谱分析法@AJi Guang Guang Pu Fen Xi Fa@f朱贵云等编著@FZhu Gui YunDeng Bian Zhu
210    @a北京@c科学出版社@d1982.8
215    @a212页@d20cm
606 0  @a光学
690    @aO433.5@v3
701 0  @a朱贵云@4编著
801    @aCN@bTSTCL@c20031222
905    @dO433.5@e27@f1@b104764
    
    激光光谱分析法/朱贵云等编著.-北京:科学出版社,1982.8
    212页;20cm
    
    
    ISBN :CNY1.10
    
●
相关链接 在E读中查询图书 在五车中查询图书 在当当中查询图书 在豆瓣中查询图书


正题名:激光光谱分析法     索取号:O433.5/27         预约/预借

序号 登录号 条形码 馆藏地/架位号 状态 备注
1 0104764   001937024   第三借阅区/ [索取号:O433.5/27] 在馆    
2 0104765   001463044   第二样本阅览室/ [索取号:O433.5/27] 在馆    
唐山师范学院图书馆 欢迎您!
大连网信软件有限公司© 版权所有